000 00690nam a2200229Ia 4500
003 OSt
005 20221007064956.0
006 a|||||r|||| 00| 0
007 ta
008 221006b |||||||| |||| 00| 0 eng d
024 _a18,789
037 _cTextual
040 _aFLL
_cFLL
_beng
041 _2eng
_aeng
082 _aZ10W:915, K9;1
100 _aSingh Nagendra
245 0 _aRecent trends in the development of international law and organisation promoting inter-state co-operation and world peace
260 _aDelhi
_bS. Chand & Co. India
_c1969
300 _a244p
_ccm.
942 _hZ10W:915, K9;1
_cTEXL
_2CC
999 _c1135930
_d1135930